000 00940nam a22003257a 4500
001 BR9902494
003 BR-BrBNA
005 20230928100408.0
007 ta
008 230509b bl.||||| |||| 00| 0 por d
040 _aBR-BrBNA
_bpor
_cBiblioteca Nacional de Agricultura
041 _a(Eng, Por)
072 _aH60
_b2120
_b3876
090 _ 2120 BR9902494
100 1 _aMedcalf, J.C.
100 1 _aVita, R. de
110 1 _aIBEC Research Institute, Sao Paulo, SP (Brasil)
_95542
245 1 _aO uso de ervicidas de pre-emergencia para o controle de ervas daninhas durante a colheita do cafe
_bn. 19
260 3 _aSao Paulo, SP (Brasil):
_c1960.
300 _a30 p.
500 _a16 ref.; 8 illus.; 6 tables
650 _aCafe
650 _aErva Daninha
650 _aPre-Emergencia
650 _aHerbicida
650 _aColheita
650 _aControle Quimico
909 _a202309
_bLucia
_c55
_dLucia Elande
942 _cBK
999 _c61179
_d61179